=LDR 00000nam 2200000 4500 =001 INLIS000000000061593 =005 20221031081852 =035 ##$$a 0010-1022000334 =007 ta =008 221031###########################0###### =082 ##$$a 315.959 865 14 =084 ##$$a 315.959 865 14 Lom k =100 #$$a Lombok Utara. Badan Pusat Statistik =245 1#$$a Kabupaten Lombok Utara dalam Angka = Lombok Utara Regency in Figures 2021 /$c Badan Pusat Statistik Kabupaten Lombok Utara =260 ##$$a Gangga :$b Badan Pusat Statistik Kabupaten Lombok Utara,$c 2021 =300 ##$$a xxx, 278 halaman ; $c 21 cm. =650 #4$$a Lombok Utara - Statistik =990 ##$$a 18121812 =990 ##$$a 531/51/22